| 000 | 00683nam a2200217 a 4500 | ||
|---|---|---|---|
| 005 | 20220603063641.0 | ||
| 008 | 080401s2005 mx r 000 0 spa d | ||
| 020 | _a852601008 | ||
| 035 | _aUPN01000155117 | ||
| 049 | _aI | ||
| 050 | 4 |
_aPZ71 _bR6.68 |
|
| 100 | 1 |
_aRocha, Ruth, _d1931- _933274 |
|
| 245 | 1 | 1 |
_a¿Quién tiene miedo de qué? / _cRuth Rocha ; tr. Alberto Jiménez Rioja ; il. Mariana Massarani. |
| 260 |
_aSâo Paulo : _bGlobal, _c2005. |
||
| 300 |
_a[20] p. : _bil. col. |
||
| 534 |
_pTraducción de: _tQuem tem medo de qué? |
||
| 650 | 4 |
_aCuentos infantiles _96744 |
|
| 650 | 4 |
_aMIEDOS INFANTILES _96668 |
|
| 700 | 1 |
_aMassarani, Mariana, _eil. |
|
| 905 | _aInfantil | ||
| 999 |
_c127233 _d127233 |
||